Statistics for Ipswich Witches Riders 2019

Click here to take the quiz!

General Stats

  • This quiz has been taken 5 times
  • The average score is 8 of 10

Answer Stats

HintAnswer% Correct
2nd in the Great British rankings right nowDanny King
100%
Danish Grand Prix RiderNiels-Kristian Iversen
75%
23 year old AutralianCameron Heeps
75%
4th In the Great Britain Rankings right nowChris Harris
75%
Won the British 125cc in motocross before becoming a pro speedway riderRichard Lawson
75%
Person who came 3rd to guarntee their place in the finalJames Sarjeant
75%
Scored 12 against Poole in the first leg of the play offsJake Allan
75%
Only Polish person to ride for the witches this season+ my favourite riderKrystian Pieszczek
75%
French rider who rid for them in the speedway world cup of nationsDavid Bellego
75%
Brought in for Person belowEdward Kennett
50%

Score Distribution

Percentile by Number Answered

Percent of People with Each Score

Your Score History

You have not taken this quiz